| 000 | 01012cam a22002893a 4500 | ||
|---|---|---|---|
| 001 | 13752 | ||
| 003 | PGUSA | ||
| 005 | 20140828083308.0 | ||
| 008 | 041014s2004||||xxu|||||s|||||000 1 eng d | ||
| 040 |
_aPGUSA _beng |
||
| 042 | _adc | ||
| 050 | 4 | _aPZ | |
| 100 | 1 |
_aWhistler, Charles W. _q(Charles Watts), _d1856-1913 |
|
| 245 | 1 | 0 |
_aWulfric the Weapon Thane : _bA Story of the Danish Conquest of East Anglia _h[electronic resource] / _cCharles W. Whistler |
| 260 |
_bProject Gutenberg, _c2004 |
||
| 506 | _aPublic domain in the USA. | ||
| 516 | _aElectronic text | ||
| 653 | _aSaxons -- Juvenile fiction | ||
| 653 | _aGreat Britain -- History -- Anglo-Saxon period, 449-1066 -- Juvenile fiction | ||
| 653 | _aDenmark -- History -- To 1241 -- Juvenile fiction | ||
| 653 | _aDanes -- Juvenile fiction | ||
| 653 | _aVikings -- Juvenile fiction | ||
| 653 | _aKings and rulers -- Juvenile fiction | ||
| 830 | 0 |
_aProject Gutenberg _v13752 |
|
| 856 | 4 | 0 | _uhttp://www.gutenberg.org/ebooks/13752 |
| 942 | _cEB | ||
| 999 |
_c243007 _d243007 |
||